logo

Bir Sreshtho Munshi Abdur Rouf Library
Jhenaidah Cadet College

The Muslim Family Reader : (Record no. 13559)

MARC details
000 -LEADER
fixed length control field 00692nam a2200241 a 4500
001 - CONTROL NUMBER
JCCL Control Number 13559
003 - CONTROL NUMBER IDENTIFIER
JCCL marc code BD-JhCC
005 - DATE AND TIME OF LATEST TRANSACTION
control field 20240201131434.0
008 - FIXED-LENGTH DATA ELEMENTS--GENERAL INFORMATION
fixed length control field 240201b1988 sa a|||| ||a| 000 0 eng d
020 ## - INTERNATIONAL STANDARD BOOK NUMBER
International Standard Book Number 0892590289
035 ## - SYSTEM CONTROL NUMBER
system control number (BD-JhCC)13559
040 ## - CATALOGING SOURCE
Original cataloging agency BD-JhCC
Modifying agency BD-JhCC
041 ## - LANGUAGE CODE
Language code of Book English
082 ## - DEWEY DECIMAL CLASSIFICATION NUMBER
Classification number 297.44
Author mark and Year EIL 1988
100 ## - MAIN ENTRY--PERSONAL NAME
Personal name El-Liwaru, Saidi J
245 ## - TITLE STATEMENT
Title The Muslim Family Reader :
Remainder of title A Builder Of The Islamic Personality /
Statement of responsibility, etc Saidi J. El-Liwaru,Maisha Zoja EI-Liwaru.
260 ## - PUBLICATION, DISTRIBUTION, ETC. (IMPRINT)
Place of publication, distribution, etc Saudi Arabia:
Name of publisher, distributor, etc IIPH;
Date of publication, distribution, etc 1988.
300 ## - PHYSICAL DESCRIPTION
Pagination 55 p. :
Other physical details ill;
Dimensions 29 cm.
650 ## - SUBJECT ADDED ENTRY--TOPICAL TERM
Topical term or geographic name as entry element Islamic religious education
700 ## - ADDED ENTRY--PERSONAL NAME
Personal name EI-Liwaru,Maisha Zoja
942 ## - ADDED ENTRY ELEMENTS (KOHA)
Source of classification or shelving scheme Dewey Decimal Classification
Koha item type Books
Holdings
Source of classification or shelving scheme volume number Damaged status Not for loan Home library Current library Shelving location Date of accession Cost, normal purchase price Total Checkouts Full call number Barcode Date last seen Copy number Method of acquisition Koha item type Currency
Dewey Decimal Classification V-1     JCC Rouf Library JCC Rouf Library General Stacks   306.00   297.44 EIL 1988 17146 02/01/2024 C-1 Purchase Books BDT
Dewey Decimal Classification V-2     JCC Rouf Library JCC Rouf Library General Stacks   306.00   297.44 EIL 1988 17147 02/01/2024 C-1 Purchase Books BDT

JCC Library | Contacts | JCC Home

Last Update on 23 September 2017
Copyright @ 2017-2020 JCC Rouf Library
Rouf Library, Jhenidah Cadet College (JCC), Bangladesh